000 01295nam a2200349 a 4500
001 000108718
003 CHAP
005 20221026133204.0
008 140305s2012 mx a sm |||||||spa d
010 _a105180
011 _a106152
040 _cCHAP
090 _aTesis
100 1 _aNava Zamora, Alfredo
_980492
245 1 0 _aEstudio sobre la formación de coacervados complejos de proteína de latosuero alginato de sodio aplicación en la estructuración de yogur reducido en grasa /
_h[En línea]
_cpor Alfredo Nava Zamora.
260 _aChapingo, Méx. :
_bEl autor,
_c2012
500 _aPara ver el contenido del material haga clic en la liga
502 _aTesis (M.C. en Ciencia y Tecnología Agroalimentaria) -- UACH. Departamento de Ingeniería Agroindustrial
590 _aBATCH-UPD
_b10
_c20140324
590 _aBATCH-UPD
_b10
_c20141002
590 _aE11695DGD
_b10
_c20140307
590 _aE11695DGD
_b10
_c20141103
590 _aE11695DGD
_b10
_c20170518
590 _aE5652GLJ
_b05
_c20140305
590 _aE5652GLJ
_b05
_c20140305
650 1 4 _aProteínas
_xBioquímica.
_992448
650 1 4 _aYogur
_xValor nutritivo.
_9123163
856 _aFinding aid
_uhttp://10.13.5.2/tesis/sist108718.pdf
_zTeclea aquí
901 _aBK
942 _cTESIS
_2ddc
942 _n0
_2ddc
999 _c105180
_d105180